| 000 | 00000nam 2200000za 4500 |
| 001 | 9.613333 |
| 003 | CaOODSP |
| 005 | 20240527135427 |
| 007 | ta |
| 008 | 150406|1996||||xxc||||| f|0| 0 eng d |
| 020 | |a0-662-25033-8 |
| 022 | |a0576-6370 |
| 040 | |aCaOODSP|beng |
| 043 | |an-cn--- |
| 086 | 1 |aCW69-1/92E |
| 110 | 2 |aCanadian Wildlife Service. |
| 245 | 10|aGoose use of the coastal habitats of northeastern James Bay / |cby Austin Reed et al. |
| 260 | |aOttawa - Ontario : |bEnvironment Canada. |c1996. |
| 300 | |a35p. : |bfigs., graphs, maps, references, tables ; |c28 cm. |
| 490 | 1 |aOccasional paper - Canadian Wildlife Service|x0576-6370|v92 |
| 500 | |a"In 1990 and 1991, use of coastal habitats by Canada Geese Branta canadensis and Atlantic Brant B. bernicla hrota was studied along the northeast coast of James Bay."--Abstract. |
| 520 | 3 |aIn 1990 and 1991, use of coastal habitats by Canada Geese Branta canadensis and Atlantic Brant B. bernicla hrota was studied along the northeast coast of James Bay.--Abstract |
| 546 | |aRésumés en français |
| 563 | |aSoftcover |
| 590 | |a97-03|b1997-01-17 |
| 690 | 07|aBirds|2gcpds |
| 720 | 1 |aReed, Austin |
| 775 | 08|tUtilisation des habitats côtiers du nord-est de la baie James par les bernaches / |w(CaOODSP)9.624027 |
| 776 | 0#|tGoose use of the coastal habitats of northeastern James Bay |w(CaOODSP)9.856146 |
| 830 | #0|aOccasional paper (Canadian Wildlife Service)|x0576-6370|v92|w(CaOODSP)9.514489 |